Sherlock BBC - Statistics

General Stats
  • This quiz has been taken 2,634 times
  • The average score is 10 of 12
Answer Stats
Hint Answer % Correct
Instrument Sherlock Plays Violin
98%
Actor Who Plays Sherlock Benedict Cumberbatch
97%
Address 221B
94%
Sherlock Brother Mycroft
94%
Actor Who Plays John Martin Freeman
91%
Sherlocks first enemy Jim Moriarty
88%
Johns Wife Mary
88%
John was a Army Doctor
87%
Land Lady Mrs Hudson
85%
The Woman Irene Adler
82%
To Think Sherlok Goes To His Mind Palace
79%
First Case Study in Pink
61%
No matching quizzes found
Score Distribution
Percent of People with Each Score
Percentile by Number Answered
Your Score History
You have not taken this quiz